| 000 | 00935cam a22002897i 4500 | ||
|---|---|---|---|
| 008 | |||
| 020 | _a9780124166882 (pbk.) | ||
| 049 | _aMAIN | ||
| 090 |
_aQA76.7.A25 _bMAN |
||
| 245 | 0 | 0 |
_aManaging information security / _cedited by John R. Vacca. |
| 250 | _a2nd ed. | ||
| 260 |
_aAmsterdam : _bElsevier, _c2014. |
||
| 300 |
_axxiv, 347 pages ; _c24 cm |
||
| 500 | _aIncludes index. | ||
| 500 | _aPrevious edition: 2010. | ||
| 504 | _aIncludes bibliographical references. | ||
| 650 | 0 |
_aComputer security _xManagement. |
|
| 650 | 0 |
_aElectronic data processing departments _xSecurity measures. |
|
| 650 | 0 |
_aComputer networks _xSecurity measures. |
|
| 650 | 0 | _aPenetration testing (Computer security) | |
| 700 | 1 |
_aVacca, John R., _eeditor. |
|
| 907 |
_a.b10352314 _b01-12-14 _c01-12-14 |
||
| 003 | |||
| 005 | 20230123122127.0 | ||
| 040 | _cNUST | ||
| 942 |
_cBOOKS _kQA76.7.A25 _mMAN |
||
| 999 |
_c128268 _d128268 |
||